00754nam a22001817a 4500003000200000005001700002008004100019050002500060100003500085245010800120260007100228300003000299500003800329504005600367650005000423650005700473650004200530020250214160858.0250214b xxu||||| |||| 00| 0 eng d aBF 789.S8b.M37 2024 aMariñas, Angeline Ysabel M.  aPostnatal depression symptoms and sleep quality among first-time motherscAngeline Ysabel M. Mariñas  aLas Pinas CitybSouthville International School and Collegesc2024 axiii, 216 pages; c28cm.  aBachelor of Science in Psychology aIncludes bibliographical references and appendices. aPostnatal depression—Psychological aspects. aMaternal mental health—Sleep patterns and quality. aSleep disorders—First-time mothers.